000 00527nam a22001577a 4500
999 _c534533
_d534533
020 _qHard Cover.
082 _a660
100 _aHassan, Awais
245 _aDevelopment of Antibacterial PVA / Starch Based Hydrogel Membrance for Wound Dressing /
_cAwais Hassan.
260 _aIslamabad :
_bSCME - NUSt,
_c2016.
300 _axi, 47 p. ill. ;
_c30cm.
942 _2ddc
_cTHE
650 _aChemical Engineering - MS Thesis
_916130
700 _aDr. Arshad Hussain.
_916435